书目信息 |
| 题名: |
茄果类蔬菜科学施肥
|
|
| 作者: | 张菊平 编著 | |
| 分册: | ||
| 出版信息: | 北京 金盾出版社 2013 |
|
| 页数: | 139页 | |
| 开本: | 21cm | |
| 丛书名: | 果蔬施肥新技术丛书 | |
| 单 册: | ||
| 中图分类: | S641.06 , S641 | |
| 科图分类: | ||
| 主题词: | 茄果类--蔬菜园艺--施肥 , 茄果类 , 蔬菜园艺 , 施肥 | |
| 电子资源: | ||
| ISBN: | 978-7-5082-8304-3 | |
| 000 | 00923nam0 2200289 450 | |
| 001 | 2360200175 | |
| 005 | 20231219164340.84 | |
| 010 | @a978-7-5082-8304-3@dCNY 10.00 | |
| 100 | @a20130916d2013 em y0chiy0120 ea | |
| 101 | 0 | @achi |
| 102 | @aCN@b110000 | |
| 105 | @aa z 000yy | |
| 200 | 1 | @a茄果类蔬菜科学施肥@Aqie guo lei shu cai ke xue shi fei@b专著@f张菊平[等]编著 |
| 210 | @a北京@c金盾出版社@d2013 | |
| 215 | @a139页@c彩图@d21cm | |
| 225 | 1 | @a果蔬施肥新技术丛书 |
| 304 | @a编著者还有:赵要尊、熊法亭、肖涛 | |
| 330 | @a本书内容包括:科学施肥的基本知识,茄果类蔬菜科学施肥方法与原则,番茄科学施肥技术,茄子科学施肥技术,辣椒科学施肥技术等。 | |
| 606 | 0 | @a茄果类@x蔬菜园艺@x施肥 |
| 606 | 0 | @a茄果类 |
| 606 | 0 | @a蔬菜园艺 |
| 606 | 0 | @a施肥 |
| 690 | @aS641.06@v5 | |
| 690 | @aS641@v4 | |
| 701 | 0 | @a张菊平@Azhang ju ping@f(1968 )@4编著 |
| 801 | 2 | @aCN@b辽宁北配@c20231205 |
| 905 | @aBZT@dS641@e111 | |
| 茄果类蔬菜科学施肥/张菊平[等]编著.-北京:金盾出版社,2013 |
| 139页:彩图;21cm.-(果蔬施肥新技术丛书) |
| ISBN 978-7-5082-8304-3:CNY 10.00 |
| 本书内容包括:科学施肥的基本知识,茄果类蔬菜科学施肥方法与原则,番茄科学施肥技术,茄子科学施肥技术,辣椒科学施肥技术等。 |
| ● |
| 相关链接 |
|
|
|
正题名:茄果类蔬菜科学施肥
索取号:S641/111
 
预约/预借
| 序号 | 登录号 | 条形码 | 馆藏地/架位号 | 状态 | 备注 |
| 1 | 2001640856 | 2001640856 | 辽三/辽宁北配(第三批)/2931/ [索取号:S641/111] | 在馆 | |
| 2 | 2001640857 | 2001640857 | 辽三/辽宁北配(第三批)/2931/ [索取号:S641/111] | 在馆 | |
| 3 | 2001640858 | 2001640858 | 辽三/辽宁北配(第三批)/2931/ [索取号:S641/111] | 在馆 | |
| 4 | 2001640859 | 2001640859 | 辽三/辽宁北配(第三批)/2931/ [索取号:S641/111] | 在馆 | |
| 5 | 2001640860 | 2001640860 | 辽三/辽宁北配(第三批)/2931/ [索取号:S641/111] | 在馆 | |
| 6 | 2001640861 | 2001640861 | 辽三/辽宁北配(第三批)/2931/ [索取号:S641/111] | 在馆 | |
| 7 | 2001640862 | 2001640862 | 辽三/辽宁北配(第三批)/2931/ [索取号:S641/111] | 在馆 | |
| 8 | 2001640863 | 2001640863 | 辽三/辽宁北配(第三批)/2931/ [索取号:S641/111] | 在馆 | |
| 9 | 2001640864 | 2001640864 | 辽三/辽宁北配(第三批)/2931/ [索取号:S641/111] | 在馆 | |
| 10 | 2001640865 | 2001640865 | 辽三/辽宁北配(第三批)/2931/ [索取号:S641/111] | 在馆 | |
| 11 | 2001640866 | 2001640866 | 辽三/辽宁北配(第三批)/2931/ [索取号:S641/111] | 在馆 | |
| 12 | 2001640867 | 2001640867 | 辽三/辽宁北配(第三批)/2931/ [索取号:S641/111] | 在馆 | |
| 13 | 2001640868 | 2001640868 | 辽三/辽宁北配(第三批)/2931/ [索取号:S641/111] | 在馆 | |
| 14 | 2001640869 | 2001640869 | 辽三/辽宁北配(第三批)/2931/ [索取号:S641/111] | 在馆 | |
| 15 | 2001640870 | 2001640870 | 辽三/辽宁北配(第三批)/2931/ [索取号:S641/111] | 在馆 | |
| 16 | 2001640871 | 2001640871 | 辽三/辽宁北配(第三批)/2931/ [索取号:S641/111] | 在馆 | |
| 17 | 2001640872 | 2001640872 | 辽三/辽宁北配(第三批)/2931/ [索取号:S641/111] | 在馆 | |
| 18 | 2001640873 | 2001640873 | 辽三/辽宁北配(第三批)/2931/ [索取号:S641/111] | 在馆 | |
| 19 | 2001640874 | 2001640874 | 辽三/辽宁北配(第三批)/2931/ [索取号:S641/111] | 在馆 | |
| 20 | 2001640875 | 2001640875 | 辽三/辽宁北配(第三批)/2931/ [索取号:S641/111] | 在馆 | |
| 21 | 2001640876 | 2001640876 | 辽三/辽宁北配(第三批)/2931/ [索取号:S641/111] | 在馆 | |
| 22 | 2001640877 | 2001640877 | 辽三/辽宁北配(第三批)/2931/ [索取号:S641/111] | 在馆 | |
| 23 | 2001640878 | 2001640878 | 辽三/辽宁北配(第三批)/2931/ [索取号:S641/111] | 在馆 | |
| 24 | 2001640879 | 2001640879 | 辽三/辽宁北配(第三批)/2931/ [索取号:S641/111] | 在馆 | |
| 25 | 2001640880 | 2001640880 | 辽三/辽宁北配(第三批)/2931/ [索取号:S641/111] | 在馆 | |
| 26 | 2001640881 | 2001640881 | 辽三/辽宁北配(第三批)/2931/ [索取号:S641/111] | 在馆 | |
| 27 | 2001640882 | 2001640882 | 辽三/辽宁北配(第三批)/2931/ [索取号:S641/111] | 在馆 | |
| 28 | 2001640883 | 2001640883 | 辽三/辽宁北配(第三批)/2931/ [索取号:S641/111] | 在馆 | |
| 29 | 2001640884 | 2001640884 | 辽三/辽宁北配(第三批)/2931/ [索取号:S641/111] | 在馆 | |
| 30 | 2001640885 | 2001640885 | 辽三/辽宁北配(第三批)/2931/ [索取号:S641/111] | 在馆 |